| 000 | 00734nam a2200193 a 4500 | ||
|---|---|---|---|
| 001 | 000045058 | ||
| 005 | 20201002045837.0 | ||
| 008 | 150130s1974 ph a 000 0 spa d | ||
| 040 |
_aDO-SdBNP _bspa _cBNPHU |
||
| 082 |
_axxxx _bxxxx |
||
| 100 | 1 |
_aPeter Bleuel, Hans _973067 |
|
| 245 | 1 | 0 |
_aSex and society in Nazi Germany / _cHans Peter Bleuel ; edited and with a preface by Heinrich Fraenkel ; translated from the German by J. Maxwell Brownjohn. |
| 260 |
_aPhiladelphia, Pennsylvania : _bBantam Books, _c1974. |
||
| 300 |
_aix, 364 p. : _bil. ; _c18 cm. |
||
| 500 | _aDas saubere Reich. | ||
| 504 | _aIncludes bibliographical references. | ||
| 700 | 1 |
_aBrownjohn, J. Maxwell, _etr. _973068 |
|
| 700 | 1 |
_aHeinrich Fraenkel, _eed. _973069 |
|
| 999 |
_c44547 _d44547 |
||